000 00423nam a2200157Ia 4500
008 210716s2008 xx 000 0 und d
020 _a9788131709351
041 _aeng
082 _a004.62 STAW
100 _aStallings, William.
245 _aComputer networking with internet protocols and technology.
250 _a1
260 _aNew Delhi
_bPearson Education
_c2008
300 _a660
650 _aComputer Networks
999 _c190692
_d190692